000 00980nam a2200217Ia 4500
001 11342
003 GE_BSU
008 181216s||||||||xx |||||||||||||| ||und||
040 _cGE_BSU
080 _a087.5
100 _aმურანოვი, ალექსანდრე
245 _aპლანეტის ცისფერი თვალები. მეცნიერულ–მხატვრული წიგნი
245 _cრედ: ნ. ქართველიშვილი მხატვ. დ. გრიგოლია თარგმ. ვახტანგ პაიკიძე
260 _aთბილისი
260 _bნაკადული
260 _c1989
300 _a300გვ.22სმ.
300 _eდანართი I, II გვ. 293–295
653 _aპლანეტის ცისფერი თვალები. მეცნიერულ–მხატვრული წიგნი
942 _cBK
999 _c44539
_d44539